000 00680nam a2200169 4500
008 240701b |||||||| |||| 00| 0 eng d
082 _a303.69
_bBAS
100 _aBastian, Sunil
245 _aThe economic agenda and the peace process:
_bpart of the Sri Lanka strategic conflict assessment 2005
260 _aColombo:
_bAsia Foundation,
_c2005
300 _a48 p. : ill. ; 28 cm
_b Bibliography included
440 _aSix-part series
_vNo.5
650 _aEconomic assistance -- Political aspects -- Sri Lanka
650 _aConflict management
856 _uhttps://documents1.worldbank.org/curated/en/576641468308045358/pdf/631770WP0Sri0L00Box0361508B0PUBLIC0.pdf
942 _cRP
999 _c4961
_d4961